| 000 | 01114nam a2200313Ia 4500 | ||
|---|---|---|---|
| 003 | OSt | ||
| 005 | 20221007124810.0 | ||
| 006 | a|||||r|||| 00| 0 | ||
| 007 | ta | ||
| 008 | 221006b |||||||| |||| 00| 0 eng d | ||
| 020 | _a9781498777070 (hbk) | ||
| 024 | _a196561 | ||
| 037 |
_b930, 01/03/2017, Capital Books Pvt.Ltd. _cTextual |
||
| 040 |
_aCDL _cCDL _beng |
||
| 041 |
_2eng _aeng |
||
| 082 | _aE5, Q7 Carc | ||
| 100 |
_aMcMahon Patrick E _9720530 |
||
| 245 | 0 |
_aSurvival guide to organic chemistry _b Khomtchouk Bohdan B. Wahlestedt Claes |
|
| 260 |
_aBoca _bRaton CRC _c2017 |
||
| 300 |
_axix,654p. ill. _ccm. |
||
| 500 | _aIndex 649-654p. | ||
| 650 |
_a Alkane and cycloalkane conformations _9720531 |
||
| 650 |
_a Solve the reactions for organic I _9720532 |
||
| 650 |
_aStructures for organic molecules _9720533 |
||
| 700 |
_a Khomtchouk Bohdan B. _9720534 |
||
| 700 |
_a Wahlestedt Claes _9720535 |
||
| 942 |
_hE5, Q7 Carc _cTEXL _2CC |
||
| 999 |
_c1214147 _d1214147 |
||